One-Handed Speed-Typing Quiz Stats

 Plays Quiz Updated Dec 6, 2012

Also try: Typing Challenge
Challenge
Share
Tweet
Embed
Score 0/48 Timer 01:30
0 Plays Today
Word Type it! % Correct
LEFTcat
99.1%
LEFTtar
98.8%
LEFTwag
98.5%
LEFTqat
98.2%
LEFTstew
97.9%
LEFTedge
97.5%
LEFTdeed
97.3%
LEFTfrat
97.2%
LEFTfeast
96.9%
LEFTwarded
96.6%
LEFTtweeds
96.2%
LEFTgarbage
95.8%
LEFTcrafted
95.3%
LEFTscarred
94.9%
LEFTseaweed
94.4%
LEFTcadaver
93.8%
LEFTretraced
93%
LEFTcaterers
92%
LEFTscattered
91.2%
LEFTexcavated
89.8%
LEFTdefecated
88.1%
LEFTafterwards
87%
RIGHTnip
84.9%
RIGHTyou
84.3%
Word Type it! % Correct
LEFTstewardesses
84.2%
RIGHTlip
83.6%
RIGHTpill
82.7%
RIGHTpolo
81.7%
RIGHTplop
80.5%
LEFTdesegregated
80%
RIGHTmonk
79.2%
RIGHTjunk
77.9%
RIGHTpinky
76.2%
RIGHTpolio
74.4%
RIGHTopium
72.1%
RIGHTphony
70%
RIGHTpompom
67.2%
RIGHThomonym
63%
RIGHTjimminy
59.2%
RIGHTpumpkin
56%
RIGHTmillion
53.4%
RIGHTkilljoy
50.6%
RIGHTminimum
47.2%
RIGHTmonopoly
43.1%
RIGHTlollipop
39%
RIGHTnonillion
34.8%
RIGHTmonophyly
29.7%
RIGHThypolimnion
24%

You're not logged in!

Compare scores with friends on all Sporcle quizzes.
Join for Free
OR
Log In

You Might Also Like...

Show Comments

Extras

Top Quizzes Today


Score Distribution

Your Account Isn't Verified!

In order to create a playlist on Sporcle, you need to verify the email address you used during registration. Go to your Sporcle Settings to finish the process.

Report this User

Report this user for behavior that violates our Community Guidelines.

Details: